000 01427cam a2200397 a 4500
001 14525507
003 ARRUPE
005 20150123141544.0
008 060829s2007 ncu b 001 0 eng
010 _a 2006028687
015 _aGBA731363
_2bnb
016 7 _a013731331
_2Uk
020 _a9780822338307
020 _a0822338300
020 _a9780822338451 (pbk.)
020 _a0822338459 (pbk.)
035 _a(OCoLC)ocm71368953
035 _a(OCoLC)71368953
040 _aDLC
_cDLC
_dBAKER
_dC#P
_dBTCTA
_dYDXCP
_dUKM
_dLVB
_dTOZ
_dDLC
050 0 0 _aHM636
_b.B48 2007
082 0 0 _a306.4
_222
245 0 0 _aBeyond the body proper :
_breading the anthropology of material life /
_cedited by Margaret Lock and Judith Farquhar.
260 _aDurham [N.C.] :
_bDuke University Press,
_c2007.
300 _a688 p. ;
_c25 cm.
440 0 _aBody, commodity, text
_914362
504 _aIncludes bibliographical references (p. [673]-683) and index.
650 0 _aHuman physiology.
_914364
650 0 _aPhysical anthropology.
_914365
650 0 _aHuman body
_xSocial aspects.
_914366
650 0 _aMedical anthropology.
_914367
700 1 _aLock, Margaret M.
_914368
700 1 _aFarquhar, Judith.
_914369
906 _a7
_bcbc
_corignew
_d1
_eecip
_f20
_gy-gencatlg
942 _2lcc
_cMONOGRAPH
999 _c121809
_d121809